Nguyễn Du thơ và đời

Сохранить в:
Библиографические подробности
Формат:
Язык:Undetermined
Опубликовано: Hà Nội Thanh Niên 2016
Предметы:
Метки: Добавить метку
Нет меток, Требуется 1-ая метка записи!
Thư viện lưu trữ: Trung tâm Học liệu Trường Đại học Cần Thơ
LEADER 00655nam a2200205Ia 4500
001 CTU_229035
008 210402s9999 xx 000 0 und d
020 |c 62000 
082 |a 895.9221009 
082 |b Ng527 
245 0 |a Nguyễn Du thơ và đời 
245 0 |c Nhóm Trí thức Việt tuyển chọn 
260 |a Hà Nội 
260 |b Thanh Niên 
260 |c 2016 
650 |a Vietnamese literature,Thơ Việt Nam,Thi ca Việt Nam 
650 |x Vietnamese poetry,Lịch sử và phê bình 
650 |y History and criticism 
904 |i Qhiêu 
980 |a Trung tâm Học liệu Trường Đại học Cần Thơ